[Event "Son Of Sorrow"]
[Site "SchemingMind.com"]
[Date "2019.10.02"]
[Round "-"]
[White "Till Plewe"]
[Black "Matthew Bailey"]
[Result "1/2-1/2"]
[WhiteCountry "JPN"]
[BlackCountry "ENG"]
[WhiteElo "2547"]
[WhiteRD "89"]
[BlackElo "2363"]
[BlackRD "63"]
[GameID "446625"]

1. d4 Nf6 2. c4 c5 3. d5 g6 4. Nc3 Bg7 5. e4 d6 6. f4 O-O 7. Nf3 e6 8. Be2 exd5 9. cxd5 Re8 10. e5 dxe5
11. fxe5 Ng4 12. e6 fxe6 13. d6 Nc6 14. O-O Bd7 15. Bg5 Qb6 16. Na4 Qa5 17. Rc1 c4 18. Bxc4 Nd4 19. Bf4 Nxf3+ 20. Qxf3 Nf6
21. b3 b5 22. Be5 Rf8 23. Qb7 bxc4 24. Bxf6 Bxf6 25. Qxd7 Qe5 26. Rfe1=
1/2-1/2

[Event "Son Of Sorrow"]
[Site "SchemingMind.com"]
[Date "2019.10.02"]
[Round "-"]
[White "Matthew Bailey"]
[Black "Till Plewe"]
[Result "1-0"]
[WhiteCountry "ENG"]
[BlackCountry "JPN"]
[WhiteElo "2424"]
[WhiteRD "62"]
[BlackElo "2526"]
[BlackRD "83"]
[GameID "446626"]

1. d4 Nf6 2. c4 c5 3. d5 e6 4. Nc3 exd5 5. cxd5 d6 6. e4 g6 7. f4 Bg7 8. Bb5+ Nfd7 9. a4 Qh4+ 10. g3 Qe7
11. Nf3 O-O 12. O-O Na6 13. e5 Nb4 14. Ne4 dxe5 15. f5 gxf5 16. Nh4 fxe4 17. Nf5 Qf6 18. Nh6+ Kh8 19. Rxf6 Nxf6 20. Bc4 Nd3
21. Bxd3 exd3 22. Qxd3 e4 23. Qb3 b6 24. a5 bxa5 25. Rxa5 Bh3 26. Rxc5 Rad8 27. g4 Bxg4 28. Bg5 Rde8 29. Qe3 Bf3 30. Bxf6 Bxf6
31. Rc7 Bh5 32. d6 Bxb2 33. d7 Rd8 34. Qc5 Bg6 35. Rc8 Kg7 36. Nf5+
1-0

[Event "Son Of Sorrow"]
[Site "SchemingMind.com"]
[Date "2019.10.15"]
[Round "-"]
[White "Till Plewe"]
[Black "Robert Bruce"]
[Result "1-0"]
[WhiteCountry "JPN"]
[BlackCountry "SCO"]
[WhiteElo "2526"]
[WhiteRD "83"]
[BlackElo "2408"]
[BlackRD "67"]
[GameID "446878"]

1. d4 Nf6 2. c4 c5 3. d5 b5 4. cxb5 a6 5. bxa6 g6 6. Nc3 Bxa6 7. e4 Bxf1 8. Kxf1 d6 9. Nf3 Bg7 10. g3 Nbd7
11. Kg2 Qa5 12. a4 Qa6 13. Nb5 Qb7 14. Qe2 O-O 15. Ra3 Nb6 16. b3 c4 17. bxc4 Rfc8 18. Nfd4 Nxc4 19. Rb3 Qd7 20. Nc6 Ne5
21. Nxe5 dxe5 22. Rb4 e6 23. d6 Bf8 24. Rd1 Rc5 25. Be3 Rc6 26. Rc4 Rxc4 27. Qxc4 Rc8 28. Qd3 Ra8 29. Bg5 Ne8 30. Qc2 h6
31. Nc7 Rc8 32. Nxe8 Qxe8 33. Qxc8 Qxc8 34. d7 Qc7 35. d8=Q
1-0

[Event "Son Of Sorrow"]
[Site "SchemingMind.com"]
[Date "2019.10.15"]
[Round "-"]
[White "Robert Bruce"]
[Black "Till Plewe"]
[Result "1/2-1/2"]
[WhiteCountry "SCO"]
[BlackCountry "JPN"]
[WhiteElo "2408"]
[WhiteRD "67"]
[BlackElo "2526"]
[BlackRD "83"]
[GameID "446879"]

1. d4 Nf6 2. c4 c5 3. d5 e6 4. Nc3 exd5 5. cxd5 d6 6. e4 g6 7. f4 Bg7 8. Bb5+ Nfd7 9. e5 O-O 10. Nf3 dxe5
11. O-O a6 12. Be2 b5 13. a4 b4 14. Ne4 f5 15. Nd6 e4 16. Ng5 Bd4+ 17. Kh1 Qf6 18. Nxc8 Rxc8 19. Qb3 h6 20. d6+ Kg7
21. Ne6+ Kh7 22. g4 Nc6 23. a5 Nf8 24. Nc7 Ra7 25. Bxa6 Rd8 26. g5 Qg7 27. Qd5 Rxc7 28. dxc7 Qxc7 29. Qb3 Ra8 30. Be2 Rxa5
31. Rxa5 Nxa5 32. Qd5 Qb7=
1/2-1/2

[Event "Son Of Sorrow"]
[Site "SchemingMind.com"]
[Date "2019.10.11"]
[Round "-"]
[White "Robert Bruce"]
[Black "Matthew Bailey"]
[Result "1/2-1/2"]
[WhiteCountry "SCO"]
[BlackCountry "ENG"]
[WhiteElo "2443"]
[WhiteRD "66"]
[BlackElo "2303"]
[BlackRD "62"]
[GameID "446882"]

1. d4 Nf6 2. c4 c5 3. d5 g6 4. g3 Bg7 5. Nc3 d6 6. Bg2 O-O 7. Nf3 e6 8. O-O exd5 9. cxd5 Re8 10. Bf4 h6
11. h3 g5 12. Bc1 a6 13. a4 Nbd7 14. Qc2 Qe7 15. a5 b5 16. axb6 Nxb6 17. Nd2 a5 18. Re1 a4 19. Nf1 Qe5 20. Bd2 Nfxd5
21. Nxd5 Nxd5 22. Rxa4 Rxa4 23. Qxa4 Rf8 24. Qb5 Qe6 25. Ba5 Nb4 26. Rd1 Bd7 27. Qb6 Qxe2 28. Rxd6 Be6 29. Qxc5 Nd3 30. Qe3 Qxe3
31. Nxe3 Nxb2 32. Bd5 Be5 33. Ra6 Re8 34. Bxe6 Rxe6 35. Rxe6 fxe6 36. Kg2=
1/2-1/2

[Event "Son Of Sorrow"]
[Site "SchemingMind.com"]
[Date "2019.10.11"]
[Round "-"]
[White "Matthew Bailey"]
[Black "Robert Bruce"]
[Result "1-0"]
[WhiteCountry "ENG"]
[BlackCountry "SCO"]
[WhiteElo "2303"]
[WhiteRD "62"]
[BlackElo "2443"]
[BlackRD "66"]
[GameID "446883"]

1. d4 Nf6 2. c4 c5 3. d5 b5 4. cxb5 a6 5. bxa6 g6 6. Nc3 Bxa6 7. e4 Bxf1 8. Kxf1 d6 9. Nf3 Bg7 10. g3 O-O
11. Kg2 Nbd7 12. a4 Qb6 13. Qe2 Ra6 14. Rb1 e6 15. dxe6 fxe6 16. b3 Qb7 17. h3 Rb6 18. Bd2 Rb4 19. Rhe1 h6 20. Qd3 Kh7
21. Kg1 Ne8 22. Nb5 c4 23. bxc4 Rxb1 24. Rxb1 Nc5 25. Qe3 Qa8 26. Nc3 Rf7 27. Kg2 Rf8 28. Re1 g5 29. Bc1 Kg8 30. Nd4 Qa6
31. Ncb5 Qxa4 32. Qe2 Qa6 33. Qc2 Nf6 34. Re2 g4 35. hxg4 Nxg4 36. f3 Ne5 37. Re3 Qa1 38. Ra3 Ned7 39. Rxa1
1-0

[Event "Son Of Sorrow"]
[Site "SchemingMind.com"]
[Date "2019.10.11"]
[Round "-"]
[White "Till Plewe"]
[Black "William Lindberg"]
[Result "1/2-1/2"]
[WhiteCountry "JPN"]
[BlackCountry "USA"]
[WhiteElo "2526"]
[WhiteRD "83"]
[BlackElo "2482"]
[BlackRD "63"]
[GameID "446911"]

1. d4 Nf6 2. c4 c5 3. d5 a6 4. Nc3 b5 5. cxb5 axb5 6. Nxb5 e6 7. dxe6 Qa5+ 8. Nc3 fxe6 9. Nf3 Nc6 10. e3 d5
11. Bb5 Bd7 12. O-O Bd6 13. e4 d4 14. Bc4 O-O 15. Nb5 Bb8 16. a4 Qd8 17. Qe2 Qe8 18. Bd2 Ng4 19. b3 Qg6 20. g3 Nce5
21. Nh4 Qh5 22. f3 Nxh2 23. Qxh2 g5 24. Nf5 Qxh2+ 25. Kxh2 Nxc4 26. Ne7+ Kf7 27. bxc4 h6 28. Nd5 exd5 29. exd5 Kg6 30. Kg2 h5
31. a5 Ra6 32. Rae1 h4 33. Re7 Rf7 34. Rxf7 Kxf7 35. d6 Be6 36. Re1 Bxd6 37. Nxd6+ Rxd6 38. Re5 Rc6 39. Bxg5 h3+ 40. Kh2 Bxc4
41. Kxh3 Be6+ 42. g4 c4 43. f4 c3 44. f5 Bc4 45. Re7+ Kf8 46. Rd7 d3 47. Rd8+=
1/2-1/2

[Event "Son Of Sorrow"]
[Site "SchemingMind.com"]
[Date "2019.10.12"]
[Round "-"]
[White "William Lindberg"]
[Black "Till Plewe"]
[Result "1-0"]
[WhiteCountry "USA"]
[BlackCountry "JPN"]
[WhiteElo "2464"]
[WhiteRD "63"]
[BlackElo "2505"]
[BlackRD "87"]
[GameID "446912"]

1. d4 Nf6 2. c4 c5 3. d5 e6 4. Nc3 exd5 5. cxd5 d6 6. e4 g6 7. f4 Bg7 8. Bb5+ Nfd7 9. Be2 Qh4+ 10. g3 Qd8
11. Nb5 Nb6 12. Nf3 O-O 13. O-O Na6 14. a4 Nc7 15. Nc3 Re8 16. f5 gxf5 17. a5 Nd7 18. Nh4 fxe4 19. Nf5 Nf8 20. Nxg7 Kxg7
21. b4 Bh3 22. Rf2 e3 23. Rf3 cxb4 24. Qd4+ Re5 25. Qxb4 Kg8 26. g4 Qh4 27. Rg3 Ng6 28. Qc4 Na6 29. Bb2 Nc5 30. Nb5 Qf6
31. Rxe3 Qg5 32. Rg3 Nf4 33. Bxe5 Qxe5 34. Nc3 Kh8 35. Rf3 Nxe2+ 36. Qxe2 Qxe2 37. Nxe2 Bxg4 38. Re3 Rg8 39. Kf2 Bf5 40. Kf3 h5
41. Rg1 Bg6 42. Nf4 Kh7 43. Re7 Be4+ 44. Kf2 Rxg1 45. Kxg1 Kg7 46. Rc7 Kf6 47. Nxh5+ Kg5 48. Ng7 Bxd5 49. Ne8 Na6 50. Rc1 f5
51. Nxd6 b6 52. Rb1 bxa5 53. Rb5 Be6 54. Rxa5 Nb4 55. Rxa7 Nc6 56. Rg7+ Kh6 57. Rc7 Nd4 58. Kf2 f4 59. h4 Kh5 60. Rh7+ Kg6
61. Rb7 Nf5 62. Nxf5 Bxf5 63. Kf3 Bc2 64. Kxf4 Bd3 65. Rc7 Bb1 66. Rc5 Kh6 67. Kg4 Be4 68. Re5 Bc2 69. Re6+ Kg7 70. Kg5 Bb3
71. Rf6 Ba2 72. Rb6 Bc4 73. Rb7+ Kh8 74. Kh6 Bg8 75. h5 Bc4 76. Rb8+ Bg8 77. Kg5 Kg7 78. h6+ Kh7 79. Rb7+ Kh8 80. Kg6
1-0

[Event "Son Of Sorrow"]
[Site "SchemingMind.com"]
[Date "2019.10.15"]
[Round "-"]
[White "Robert Bruce"]
[Black "William Lindberg"]
[Result "1/2-1/2"]
[WhiteCountry "SCO"]
[BlackCountry "USA"]
[WhiteElo "2406"]
[WhiteRD "65"]
[BlackElo "2537"]
[BlackRD "63"]
[GameID "446913"]

1. d4 Nf6 2. c4 c5 3. d5 d6 4. Nc3 g6 5. e4 Bg7 6. Bd3 O-O 7. a3 e6 8. Nf3 exd5 9. cxd5 Bg4 10. h3 Bxf3
11. Qxf3 Nbd7 12. Bc2 a6 13. a4 Re8 14. O-O c4 15. a5 Ne5 16. Qd1 Nfd7 17. Be3 Rc8 18. Na4 Qh4 19. Rc1 g5 20. f3 f5
21. Bf2 Qf4 22. Nc3 g4 23. Ne2 Qh6 24. hxg4 Nf6 25. Ng3 Nfxg4 26. fxg4 Nxg4 27. Re1 c3 28. bxc3 Nxf2 29. Kxf2 Qf4+ 30. Qf3 Qd2+
31. Qe2 Qf4+ 32. Qf3 Qd2+ 33. Ne2 Rxc3 34. Qh5 Rf8 35. e5 Rxc2 36. Rxc2 Qxc2 37. e6 Qc5+ 38. Kf1 Bf6 39. Nf4 Qb5+ 40. Re2 Be7
41. Ng6 Qb1+ 42. Kf2 hxg6 43. Qxg6+ Kh8 44. Qh6+ Kg8=
1/2-1/2

[Event "Son Of Sorrow"]
[Site "SchemingMind.com"]
[Date "2019.10.15"]
[Round "-"]
[White "William Lindberg"]
[Black "Robert Bruce"]
[Result "1-0"]
[WhiteCountry "USA"]
[BlackCountry "SCO"]
[WhiteElo "2537"]
[WhiteRD "63"]
[BlackElo "2406"]
[BlackRD "65"]
[GameID "446914"]

1. d4 Nf6 2. c4 c5 3. d5 b5 4. Nf3 g6 5. cxb5 Bg7 6. Nc3 a6 7. e4 axb5 8. e5 Ng4 9. Bxb5 Nxe5 10. Nxe5 Bxe5
11. O-O O-O 12. Re1 Bg7 13. Bg5 f6 14. d6 e6 15. Be3 Rf7 16. Qf3 Nc6 17. Bxc6 dxc6 18. Bxc5 f5 19. Rad1 Rb8 20. b3 Qa5
21. b4 Qa6 22. a4 Qc4 23. Nb1 e5 24. a5 e4 25. Qe3 Ba6 26. f3 Rd8 27. fxe4 Qxe4 28. Qxe4 fxe4 29. Rxe4 Bf8 30. h4 Rfd7
31. Nc3 Bxd6 32. Bxd6 Rxd6 33. Re8+ Rxe8 34. Rxd6 Bb7 35. Kf2 Kf8 36. Rd7 Re7 37. Rxe7 Kxe7 38. Ne4 c5 39. Nxc5 Bc6 40. g3 Kd6
41. Ke3 Bb5 42. Kd4 Kc6 43. Ne4 Ba6 44. Nc3 Bf1 45. b5+ Kd7 46. a6 Bg2 47. Kc5 Bh1 48. b6 Bf3 49. Nb5 Kc8 50. Nd4 Ba8
51. Nb5 Bh1 52. Nd6+ Kb8 53. b7 Bxb7 54. axb7 Kc7 55. g4 h6 56. Kd5 Kb8 57. Kc6 h5 58. g5 Ka7 59. Kc7 Ka6 60. b8=Q Ka5
61. Qb5#
1-0

[Event "Son Of Sorrow"]
[Site "SchemingMind.com"]
[Date "2019.10.12"]
[Round "-"]
[White "William Lindberg"]
[Black "Matthew Bailey"]
[Result "1/2-1/2"]
[WhiteCountry "USA"]
[BlackCountry "ENG"]
[WhiteElo "2537"]
[WhiteRD "63"]
[BlackElo "2363"]
[BlackRD "63"]
[GameID "446917"]

1. d4 Nf6 2. c4 c5 3. d5 g6 4. Nc3 Bg7 5. Nf3 O-O 6. e4 d6 7. h3 e6 8. Bd3 exd5 9. cxd5 b5 10. Nxb5 Re8
11. O-O Nxe4 12. Re1 a6 13. Rxe4 Rxe4 14. Nxd6 Rb4 15. a3 Qxd6 16. axb4 cxb4 17. Nd2 Nd7 18. Ra5 Nb6 19. Ne4 Qe5 20. Qb3 Bf5
21. Qxb4 Nxd5 22. Qb7 Rc8 23. Bd2 Be6 24. Nc5 Qxb2 25. Qxb2 Bxb2 26. Nxe6 fxe6 27. Rxa6 Bc3 28. Bg5 Nb4 29. Rd6 Rc5 30. Bf4 g5
31. Be3 Rd5 32. Rxd5 exd5 33. Be2 h6 34. Bc5 d4 35. Kf1 Kg7 36. Bc4 Kf6 37. Bb6 Nc6 38. Bc7 Ba5= 39. Bg3 Ne5 40. Bb5 Bd2
41. Bh2 h5 42. Ke2 Ba5 43. f3 Ke6 44. Bd3 Bc7 45. Be4 h4 46. f4 d3+ 47. Kd2 gxf4 48. Bxf4 Nc4+ 49. Kxd3 Bxf4 50. Kxc4 Ke5
51. Kd3 Bg5 52. Bf3 Kf4 53. Kd4=
1/2-1/2

[Event "Son Of Sorrow"]
[Site "SchemingMind.com"]
[Date "2019.10.11"]
[Round "-"]
[White "Matthew Bailey"]
[Black "William Lindberg"]
[Result "1-0"]
[WhiteCountry "ENG"]
[BlackCountry "USA"]
[WhiteElo "2424"]
[WhiteRD "62"]
[BlackElo "2482"]
[BlackRD "63"]
[GameID "446918"]

1. d4 Nf6 2. c4 c5 3. d5 d6 4. Nc3 g6 5. e4 Bg7 6. Bd3 a6 7. h3 O-O 8. a4 a5 9. Nge2 e5 10. O-O Nh5
11. g4 Nf6 12. Kg2 Ne8 13. Be3 h5 14. Ng3 Na6 15. Be2 h4 16. Nh1 Nb4 17. Qd2 Ra7 18. f4 exf4 19. Bxf4 f6 20. Nb5 Ra8
21. Nf2 Qe7 22. Rae1 Bd7 23. Bd3 Nxd3 24. Nxd3 Bxb5 25. cxb5 c4 26. Nf2 Rf7 27. Qc2 Rc8 28. Nd1 c3 29. Nxc3 Qf8 30. Qd3 f5
31. exf5 gxf5 32. gxf5 Bxc3 33. bxc3 Ng7 34. Be3 Nxf5 35. Bg5 Ng3 36. Qg6+ Qg7 37. Qe6 Rxc3 38. Rf2 Ne2 39. Qe8+ Qf8 40. Qxf8+ Rxf8
41. Rxf8+ Kxf8 42. Bh6+ Kf7 43. Rxe2 Rg3+ 44. Kh2 Rb3 45. Bf4 Rb4 46. Bxd6 Rxa4 47. Bc5 Rc4 48. Bb6 Rc1 49. Bxa5 Ra1 50. Bc7 Rd1
51. d6 Rd5 52. Kg2 Kf6 53. Re4 Rg5+ 54. Kf3 Rg3+ 55. Ke2 Rg2+ 56. Ke3 Rg7 57. Kd4 Rd7 58. Kc5 Rg7 59. Kb6 Kf5 60. Re7 Rg6
61. Kxb7 Kf6 62. Re8 Rg7 63. Kc8 Rg1 64. b6 Rb1 65. d7 Kg6 66. d8=Q
1-0

[Event "Son Of Sorrow"]
[Site "SchemingMind.com"]
[Date "2019.11.30"]
[Round "-"]
[White "Till Plewe"]
[Black "Ramesh Panwar"]
[Result "1/2-1/2"]
[WhiteCountry "JPN"]
[BlackCountry "IND"]
[WhiteElo "2493"]
[WhiteRD "82"]
[BlackElo "2534"]
[BlackRD "65"]
[GameID "448681"]

1. d4 Nf6 2. c4 c5 3. d5 b5 4. cxb5 a6 5. bxa6 e6 6. Nc3 exd5 7. Nxd5 Be7 8. Nxe7 Qxe7 9. Bf4 d5 10. e3 O-O
11. Nf3 Rd8 12. Be2 Bxa6 13. Bxa6 Rxa6 14. O-O Nc6 15. Bg5 h6 16. Qe2 Rda8 17. Bxf6 Qxf6 18. Qd2 d4 19. exd4 Nxd4 20. Nxd4 cxd4
21. a3 d3 22. Rac1 Qd4 23. Qc3 Qd5 24. Rfd1 Rd8 25. Rd2 Rg6 26. g3 Qe4 27. Rcd1 Rgd6= 28. Qc1 Rd4 29. Re1 Qg6 30. Re3 h5
31. Qe1 Kh7 32. h3 R8d6 33. Kg2=
1/2-1/2

[Event "Son Of Sorrow"]
[Site "SchemingMind.com"]
[Date "2019.11.30"]
[Round "-"]
[White "William Lindberg"]
[Black "Ramesh Panwar"]
[Result "1/2-1/2"]
[WhiteCountry "USA"]
[BlackCountry "IND"]
[WhiteElo "2482"]
[WhiteRD "63"]
[BlackElo "2510"]
[BlackRD "73"]
[GameID "448685"]

1. d4 Nf6 2. c4 c5 3. d5 b5 4. Nf3 e6 5. Bg5 b4 6. e4 d6 7. Nbd2 Be7 8. h3 O-O 9. Be3 Qc7 10. Bd3 Nbd7
11. O-O a5 12. a3 Rb8 13. Bc2 exd5 14. exd5 Re8 15. Ba4 Bf8 16. Bg5 Qd8 17. Bh4 h6 18. axb4 axb4 19. Bc6 Re7 20. g4 Rb6
21. Qc2 Ra6 22. Rae1 Ra7 23. Kg2 Rxe1 24. Rxe1 Be7 25. Bg3 Nf8 26. Nh4 g6 27. Nhf3 g5 28. Nf1 h5 29. Ne3 hxg4 30. hxg4 Nxg4
31. Nf5 Bxf5 32. Qxf5 Nh6 33. Qh3 g4 34. Qxh6 gxf3+ 35. Kxf3 Ng6 36. Kg2 Qf8 37. Qxf8+ Kxf8 38. b3 Nh4+=
1/2-1/2

[Event "Son Of Sorrow"]
[Site "SchemingMind.com"]
[Date "2019.11.30"]
[Round "-"]
[White "Ramesh Panwar"]
[Black "William Lindberg"]
[Result "1-0"]
[WhiteCountry "IND"]
[BlackCountry "USA"]
[WhiteElo "2525"]
[WhiteRD "66"]
[BlackElo "2464"]
[BlackRD "63"]
[GameID "448686"]

1. d4 Nf6 2. c4 c5 3. d5 e6 4. Nc3 exd5 5. cxd5 d6 6. e4 g6 7. Bd3 a6 8. a4 Bg7 9. h3 O-O 10. Nf3 Re8
11. O-O Nbd7 12. Re1 Ne5 13. Nxe5 Rxe5 14. Bf4 Re8 15. Qd2 b6 16. Bh2 Bb7 17. Rad1 Qe7 18. f4 Nd7 19. Kh1 Bd4 20. Bg3 Qf6
21. Rf1 Qg7 22. Rde1 Rab8 23. Bh4 Qh6 24. Bg5 Qg7 25. Bc4 Kh8 26. Bd3 Kg8 27. Bc4 h6 28. Bh4 Rbc8 29. Qc2 Kh8 30. Ne2 Bxb2
31. e5 Bd4 32. e6 fxe6 33. Nxd4 cxd4 34. Rxe6 d3 35. Rxe8+ Rxe8 36. Bxd3 Rc8 37. Qe2 Rf8 38. Bxa6 g5 39. fxg5 Rxf1+ 40. Qxf1 Bxd5
41. gxh6 Qxh6 42. Qe1 Nc5 43. Bb5 Kh7 44. Kg1 Qf4 45. Qe7+ Kg8 46. Bf2 Qe4 47. Qd8+ Kf7 48. Bf1 Qxa4 49. Qxd6 Qc6 50. Qf4+ Qf6
51. Qc7+ Kg6 52. h4 Bg8 53. Qg3+ Kh7 54. Be3 Bf7 55. h5 Bxh5 56. Qh3 Kg6 57. g4 Bxg4 58. Qxg4+ Kf7 59. Bc4+ Ne6 60. Bg5 Qa1+
61. Kg2 Qb2+ 62. Kf3 Qc3+ 63. Ke2 Qb2+ 64. Kd3 Qb1+ 65. Kd2 Qb4+ 66. Kd1 Qb1+ 67. Bc1 Qg6 68. Qxg6+ Kxg6 69. Bxe6 Kf6 70. Bc4 Ke5
71. Be3 Kf5 72. Bxb6
1-0

[Event "Son Of Sorrow"]
[Site "SchemingMind.com"]
[Date "2019.12.03"]
[Round "-"]
[White "Ramesh Panwar"]
[Black "Matthew Bailey"]
[Result "1/2-1/2"]
[WhiteCountry "IND"]
[BlackCountry "ENG"]
[WhiteElo "2525"]
[WhiteRD "66"]
[BlackElo "2489"]
[BlackRD "59"]
[GameID "448689"]

1. d4 Nf6 2. c4 c5 3. d5 g6 4. Nc3 d6 5. e4 Bg7 6. Nf3 O-O 7. h3 e6 8. Bd3 exd5 9. cxd5 b5 10. Nxb5 Re8
11. O-O Nxe4 12. Re1 a6 13. Na3 Nf6 14. Rxe8+ Nxe8 15. Bg5 Qc7 16. Qa4 Nf6 17. Bxf6 Bxf6 18. Qf4 Nd7 19. Nc4 Bb7 20. Rd1 Be7
21. Ne3 Nf6 22. Bc2 Rb8 23. Ng5= Bd8 24. g4 Be7 25. a3 Qd8 26. Nc4 a5 27. b3 Qc7 28. Ne3 Re8 29. Nc4 Rf8 30. Ne3 Qd7
31. Nf3 Re8 32. b4 cxb4 33. axb4 a4=
1/2-1/2